000 00928nam a2200349 4500
001 00468800
003 DO-SdBNP
005 20240116102328.0
007 00468800
008 960221s1995 sp | || ||spa
017 _a
_b
020 _a8423977285
035 _a
040 _aBPMSU
_bspa
_cBPMSU
080 0 _a
082 4 _a301.158
_bR741s 1995
_2 22
100 1 _aRojas Marcos, Luis
_d1943-
245 1 4 _aLas semillas de la violencia /
_cLuis Rojas Marcos
_h
250 _a
260 _aMadrid:
_bEspasa-Calpe
_c1995
300 _a228 p.;
_c23 cm
490 0 _aEspasa hoy
504 _aBibliografĂ­a : 221-228 p.
585 _3Premio Espasa ensayo, 1995
590 _aInventariado, 2024/VM
650 4 _aViolencia
_xAspectos sociales
_2
650 4 _aPsicologĂ­a social.
650 4 _aDelitos contra la persona.
830 _p
910 _aVMateo V. Control de calidad. BPMSU
942 _2ddc
_cBK
999 _c9332
_d9332